| 000 | 00556nam a2200145Ia 4500 | ||
|---|---|---|---|
| 008 | 151213s9999 xx 000 0 und d | ||
| 100 | _aধীমান দাশগুপ্ত | ||
| 245 |
_aচিত্রনাট্য রচনা ও চিত্রনাট্য বিস্লেষণ। _cধীমান দাশগুপ্ত |
||
| 260 |
_aঢাকা _bবাণী শিল্প। _c1989 |
||
| 300 | _a8417 p. | ||
| 650 | _aBangla | ||
| 650 | _aBengali Literature | ||
| 700 | _aধীমান দাশগুপ্ত | ||
| 999 |
_c4255 _d4255 |
||